Letos zřejmě bez dividend. Zlepšení úvěrového portfolia Investiční banky vyžaduje pomoc vlády
Činnosť Investičnej banky a.s. ako jednej z najväčších českých bánk. Úverové portfolio banky. Akcionári banky, štruktúra aktív a pasív banky. Vlastné zdroje IB, zisk a straty.
Enregistré dans:
| Auteur principal: | |
|---|---|
| Format: | Chapitre de livre |
| Langue: | tchèque |
| Sujets: | |
| Tags: |
Pas de tags, Soyez le premier à ajouter un tag!
|
MARC
| LEADER | 00000naa a2200000 4500 | ||
|---|---|---|---|
| 001 | r013848 | ||
| 005 | 20221213083244.9 | ||
| 041 | 0 | |a cze | |
| 044 | |a CZ | ||
| 245 | 1 | 0 | |a Letos zřejmě bez dividend. |b Zlepšení úvěrového portfolia Investiční banky vyžaduje pomoc vlády |c O. Lér |
| 520 | |a Činnosť Investičnej banky a.s. ako jednej z najväčších českých bánk. Úverové portfolio banky. Akcionári banky, štruktúra aktív a pasív banky. Vlastné zdroje IB, zisk a straty. | ||
| 610 | 2 | 0 | |a Investiční banka, a.s. Praha |
| 610 | 2 | 0 | |a Česko |
| 610 | 2 | 0 | |a aktíva |
| 610 | 2 | 0 | |a pasíva |
| 610 | 2 | 0 | |a akcionári |
| 610 | 2 | 0 | |a portfólio |
| 610 | 2 | 0 | |a banky investičné |
| 610 | 2 | 0 | |a bilancia finančná |
| 100 | 1 | |a Lér, O. | |